000 00382nam a22001457a 4500
020 _a0849311403
040 _cNust
082 _a610.28
_bMOO
100 _aMooore, James
_964015
110 _aZouridakis, George
_9124311
245 _aBiomedical Technology Devices
260 _aNew York:
_bCRC Press,
_c2004.
650 _aBiomedical Technology Devices
_9124312
942 _2ddc
_cBK
999 _c610206
_d610206